| Tag |
First Indicator |
Second Indicator |
Subfields |
| LEADER |
00000cam a2200000 a 4500 |
| 001 |
in00000070807 |
| 005 |
20151008061921.0 |
| 008 |
820901s1981 ilua s 00110 eng |
| 010 |
|
|
|a 81052989
|
| 020 |
|
|
|a 0528811142
|
| 020 |
|
|
|a 0528880330 (pbk.) :
|c $11.95
|
| 035 |
|
|
|a (OCoLC)07916400
|
| 035 |
|
|
|9 AAJ9123AM
|
| 039 |
0 |
|
|a 2
|b 3
|c 3
|d 3
|e 3
|
| 040 |
|
|
|a DLC
|c DLC
|d TXA
|d UtOrBLW
|
| 043 |
|
|
|a n-us---
|
| 049 |
|
|
|a TXAM
|c [1195880]
|
| 050 |
0 |
0 |
|a HN60
|b .B69 1981
|
| 082 |
0 |
|
|a 307.7/64/0973
|2 19
|
| 090 |
|
|
|a HT123
|b .B6
|
| 100 |
1 |
|
|a Boyer, Rick.
|
| 245 |
1 |
0 |
|a Places rated almanac :
|b your guide to finding the best places to live in America /
|c Richard Boyer & David Savageau.
|
| 264 |
|
1 |
|a Chicago :
|b Rand McNally,
|c [1981]
|
| 264 |
|
4 |
|c ©1981
|
| 300 |
|
|
|a xx, 385 pages :
|b illustrations ;
|c 29 cm.
|
| 336 |
|
|
|a text
|b txt
|2 rdacontent
|
| 337 |
|
|
|a unmediated
|b n
|2 rdamedia
|
| 338 |
|
|
|a volume
|b nc
|2 rdacarrier
|
| 500 |
|
|
|a Includes index.
|
| 650 |
|
0 |
|a Quality of life
|z United States
|x Statistics.
|
| 650 |
|
0 |
|a Social indicators
|z United States.
|
| 650 |
|
0 |
|a Cities and towns
|z United States
|v Statistics.
|
| 700 |
1 |
|
|a Savageau, David.
|
| 999 |
|
|
|a MARS
|
| 999 |
f |
f |
|s 51b8e3cb-dc95-3164-b71e-d7c09d96dc2b
|i 984faddc-9270-3800-a5f4-4f412a765793
|t 0
|
| 952 |
f |
f |
|p ric
|a Texas A&M University
|b Rellis Campus
|c Joint Library Facility
|d Remote Storage
|t 0
|e HT123 .B6
|h Library of Congress classification
|i unmediated -- volume
|m A14808390113
|
| 998 |
f |
f |
|a HT123 .B6
|t 0
|l Remote Storage
|